| 000 | 00998nam a2200253 a 4500 | ||
|---|---|---|---|
| 005 | 20171014101342.0 | ||
| 008 | 140317b2003 ck ado||r|||| 00| 0 spa d | ||
| 040 |
_aCO-BoIAVH _cCO-BoIAVH |
||
| 041 | _aspa | ||
| 044 | _ack | ||
| 082 | 0 | 4 |
_a333.3352 _bB22d |
| 100 | 1 |
_aBaquero H., Irma _eautora |
|
| 245 | 1 | 0 |
_aDesarrollo y aplicación en finca de un sistema integrado de contabilidad económica y ambiental : _bsubcuenca del río Salamaga, departamento de Santander / |
| 260 |
_aBogotá : _bCORPOICA, _c2003. |
||
| 300 |
_a52 páginas : _bilustraciones, tablas y fotografías a color ; _c24 x 17 cm. |
||
| 650 | 2 | 6 |
_aAgricultura _xAspectos económicos |
| 650 | 2 | 6 |
_aExplotaciones agrarias _xAspectos económicos |
| 650 | 2 | 6 | _aEconomía ambiental |
| 650 | 2 | 6 |
_aAgricultura _xCuentas |
| 700 | 1 |
_aMéndez H., Hernando _eautor |
|
| 700 | 1 |
_aRamírez G., Margarita _eautor |
|
| 700 | 1 |
_aMantilla Blanco, Jairo _eautor |
|
| 942 |
_cLIBRO _2ddc |
||
| 999 |
_c4554 _d4554 |
||